MARC

LEADER 00000nam0a2200000 4500
001 286761
005 20231101235926.0
035 |a (RuTPU)RU\TPU\book\311106 
090 |a 286761 
100 |a 20150310d1977 k y0rusy50 ca 
101 0 |a rus 
102 |a RU 
105 |a a z 001zy 
200 1 |a Аэрогамма-спектрометрический метод поисков рудных месторождений  |e методическое руководство  |f Научно-производственное объединение "Геофизика" ; под ред. В. П. Воробьева 
210 |a Ленинград  |c Недра  |d 1977 
215 |a 216 с.  |c ил. 
320 |a Библиогр.: с. 209-213. 
606 1 |a Рудные месторождения  |x Поиски и разведка  |x Геофизическая разведка  |2 stltpush  |3 (RuTPU)RU\TPU\subj\25959  |9 49990 
610 1 |a спектрометрические методы 
610 1 |a спектрометрическая аппаратура 
610 1 |a аэрогаммаспектрометрические методы 
610 1 |a аэрогаммаспектрометрическая съемка 
610 1 |a физические основы 
610 1 |a автоматическая обработка 
610 1 |a наземная проверка 
610 1 |a минеральное сырье 
675 |a 553.3/.4:550.83  |v 3 
702 1 |a Воробьев  |b В. П.  |4 340 
712 0 2 |a Научно-производственное объединение "Геофизика"  |2 stltpush  |3 (RuTPU)RU\TPU\col\10268  |9 24815 
801 1 |a RU  |b 63413507  |c 20150310 
801 2 |a RU  |b 63413507  |c 20170323  |g RCR 
942 |c BK